000 00212nam a22000857a 4500
008 161207b xxu||||| |||| 00| 0 eng d
100 _91892
_aSaja.K
245 _aA Tale About Two Kings
260 _aMoscow
_bRadussa
_c1986
999 _c4651
_d4651